000
00319nam a22001457a 4500
003
SGT
020
_a
9781138098688
082
_a
547.2
_b
NOR
100
_a
NORMAN R.O.C
245
_a
PRINCIPLES OF ORGANIC SYNTHESIS
250
_a
3RD
260
_a
LONDON
_b
CRC PRESS PUB
_c
2023
300
_a
811
942
_2
ddc
_c
BK
999
_c
34460
_d
34460